1000 năm Thăng Long - Hà Nội = A millennium of Thang Long - Hanoi Tập 1
Sách ảnh ghi lại nhiều nét đẹp của di tích lịch sử, văn hoá Thăng Long-Hà Nội: Các khu phố cổ, điện Kính Thiên, chùa Một Cột, Văn Miếu Quốc Tử Giám, di tích Hoàng Thành xưa, người Hà Nội, ẩm thực Hà Nội, trang phục, lễ tết ở Hà Nội......
Bewaard in:
| Andere auteurs: | , , , , |
|---|---|
| Formaat: | Boek |
| Taal: | Vietnamese |
| Gepubliceerd in: |
H.
Văn hoá Thông tin
2004
|
| Onderwerpen: | |
| Tags: |
Voeg label toe
Geen labels, Wees de eerste die dit record labelt!
|
| Thư viện lưu trữ: | Mạng thư viện Đại học Đà Nẵng |
|---|
| LEADER | 01847aam a22004338a 4500 | ||
|---|---|---|---|
| 001 | 000006941 | ||
| 003 | 3101 | ||
| 005 | 20120516090556.0 | ||
| 008 | 110923s2004 viesd | ||
| 020 | |c 330000đ |d 1000b | ||
| 041 | |a vie | ||
| 082 | |a 959.7 |b Môt | ||
| 084 | |b M458N | ||
| 245 | |a 1000 năm Thăng Long - Hà Nội |b = A millennium of Thang Long - Hanoi |c B.s.: Bùi Tuyết Mai (ch.b.), Vũ Khiêu, Vũ Mão.. |n Tập 1 | ||
| 260 | |a H. |b Văn hoá Thông tin |c 2004 | ||
| 300 | |a 225tr. |b ảnh |c 30cm | ||
| 500 | |a ĐTTS ghi: Uỷ ban nhân dân thành phố Hà Nội. Viện KHXH Việt Nam | ||
| 520 | |a Sách ảnh ghi lại nhiều nét đẹp của di tích lịch sử, văn hoá Thăng Long-Hà Nội: Các khu phố cổ, điện Kính Thiên, chùa Một Cột, Văn Miếu Quốc Tử Giám, di tích Hoàng Thành xưa, người Hà Nội, ẩm thực Hà Nội, trang phục, lễ tết ở Hà Nội... | ||
| 650 | 7 | |2 Bộ TK TVQG |a Địa chí | |
| 650 | 7 | |2 Bộ TK TVQG |a Di tích văn hoá | |
| 650 | 7 | |2 Bộ TK TVQG |a Di tích lịch sử | |
| 651 | 7 | |2 Bộ TK TVQG |a Hà Nội | |
| 655 | 7 | |2 Bộ TK TVQG |a Sách ảnh | |
| 700 | 0 | |a Bùi Tuyết Mai |e ch.b. | |
| 700 | 0 | |a Phan Lê Huy |e b.s. | |
| 700 | 0 | |a Nguyễn Hữu Thuỳ |e b.s. | |
| 700 | 0 | |a Vũ Mão |e b.s. | |
| 700 | 0 | |a Vũ Khiêu |e b.s. | |
| 773 | |t 1000 năm Thăng Long - Hà Nội |w 11234 | ||
| OWN | |a LSP | ||
| AVA | |a UDN50 |b LSP |d 959.7 Môt |e available |t Error 5001 Not defined in file expand_doc_bib_avail. |f 2 |g 0 |h N |i 0 |k 1 | ||
| 999 | |a From the UDN01 | ||
| AVA | |a UDN50 |b LSP |d 959.7 Môt |e available |t Error 5001 Not defined in file expand_doc_bib_avail. |f 2 |g 0 |h N |i 0 |k 1 | ||
| TYP | |a Monograph | ||
| TYP | |a Printed language | ||
| 980 | |a Mạng thư viện Đại học Đà Nẵng | ||